| 000 | 00872cab a2200253 4500 | ||
|---|---|---|---|
| 001 | ABS47278 | ||
| 008 | 090401t1992 xxu||||| |||| 00| 0 eng d | ||
| 035 | _a(Sirsi) u61372 | ||
| 041 | _aeng | ||
| 100 | _aYoung, H. | ||
| 245 | _aNo desk to call your own | ||
| 260 | _c1992 | ||
| 350 | _a0 | ||
| 490 |
_aArchitects` Journal _v196(14) 21 October 1992, 51-54(4) |
||
| 520 | _aExamines changes to office design following a survey which reveals that most managers and professionals spend less than 40% of the working day at their desks. This had lead to an increase in the sharing of desks and therefore a decrease in the amount of floorspace needed. | ||
| 650 | _aDESK SHARING | ||
| 650 | _aHOTDESKING | ||
| 650 | _aOFFICES | ||
| 650 | _aSTORAGE | ||
| 650 | _aWORKSPACE | ||
| 690 | _aOFFICE SERVICES AND ADMINISTRATION | ||
| 942 | _n0 | ||
| 948 | _c04/03/1997 | ||
| 999 |
_c38007 _d38007 |
||